Jagat Chettri (Record no. 2177)

MARC details
000 -LEADER
fixed length control field 00762 a2200217 4500
010 ## - LIBRARY OF CONGRESS CONTROL NUMBER
LC control number ENG-85402
020 ## - INTERNATIONAL STANDARD BOOK NUMBER
Terms of availability 25.00
International Standard Book Number 8126022876
035 ## - SYSTEM CONTROL NUMBER
System control number EN-68935
037 ## - SOURCE OF ACQUISITION
Source of stock number/acquisition D.B.Act / Pub
082 14 - DEWEY DECIMAL CLASSIFICATION NUMBER
Classification number 891.49092
090 ## - LOCALLY ASSIGNED LC-TYPE CALL NUMBER (OCLC); LOCAL CALL NUMBER (OCLC)
-- 2217
-- 2217
100 1# - MAIN ENTRY--PERSONAL NAME
Personal name Chettri, Bhanu
245 1# - TITLE STATEMENT
Title Jagat Chettri
Statement of responsibility, etc by Bhanu Chettri
Remainder of title makers of Indian literature
260 ## - PUBLICATION, DISTRIBUTION, ETC. (IMPRINT)
Place of publication, distribution, etc New Delhi
Name of publisher, distributor, etc Sahitya Akademi.
Date of publication, distribution, etc 2006
270 ## - ADDRESS
Address Ravindra Bhavan, 35, Firozshah Road
City New Delhi
State or province Delhi
Postal code 110001
300 ## - PHYSICAL DESCRIPTION
Extent 62 p
Dimensions 21 cm (Pbk)
490 ## - SERIES STATEMENT
Series statement Makers of Indian literature
500 ## - GENERAL NOTE
General note A monograph in English by Bhanu Chettri on the modern Nepali writer
942 ## - ADDED ENTRY ELEMENTS (KOHA)
Institution code [OBSOLETE] dpl
Koha item type English Books
Call number prefix 891.49092 / CHE
Holdings
Withdrawn status Lost status Source of classification or shelving scheme Damaged status Not for loan Collection code Home library Current library Source of acquisition Cost, normal purchase price Total Checkouts Full call number Barcode Date last seen Copy number Uniform Resource Identifier Cost, replacement price Price effective from Koha item type
    Dewey Decimal Classification   Not For Loan Non-fiction D.B.Act.Division D.B.Act.Division DBAD/PUB 25.00   891.49092 CHE EN-68935 15/09/2008 1 2309 25.00 15/09/2008 English Books

© Delhi Public Library
Hit Counter
free hit counter